TV Debuts: 2008 Quiz Stats

 Plays Quiz Updated May 12, 2014

Score 0/20 Timer 04:00
0 Plays Today
% Correct
Breaking Bad
73.9%
Wipeout
73.5%
The Mentalist
65.3%
Terminator: The Sarah Connor Chronicles
59.2%
Knight Rider
54%
Sons of Anarchy
53.6%
Man vs. Food
52%
Star Wars: The Clone Wars
51.2%
True Blood
36.3%
Fringe
31.7%
% Correct
The Rachel Maddow Show
31.3%
90210
30.8%
American Gladiators
27.9%
Ax Men
15.8%
Lipstick Jungle
14.7%
Kath and Kim
11.4%
Whale Wars
9.8%
In Treatment
7.8%
Gary Unmarried
5.7%
Raising the Bar
2.5%

You're not logged in!

Compare scores with friends on all Sporcle quizzes.
OR
Log In

You Might Also Like...

Show Comments

Extras

Top Quizzes Today


Score Distribution

Your Account Isn't Verified!

In order to create a playlist on Sporcle, you need to verify the email address you used during registration. Go to your Sporcle Settings to finish the process.

Report this User

Report this user for behavior that violates our Community Guidelines.

Details: